000 nam a22 7a 4500
999 _c10652
_d10652
008 180220b ||||| |||| 00| 0 eng d
100 _aBrien,OD.
_96534
245 _aKnow and Grow with Derek-VIII
260 _aNew Delhi
_bDK
_c2010